000 00333nam a22001457a 4500
008 210312b ||||| |||| 00| 0 eng d
020 _a031477825X
041 _aeng
080 _23rd
_a330.322
082 _a330.322
100 _a62
101 _aINV
245 _aFundamentals of Investments
_cStevenson, R. A
942 _2udc
_cBK
999 _c56467
_d56467